पुस्तकालय प्रशासन एवं प्रबंध / (Record no. 121172)
[ view plain ]
| 000 -LEADER | |
|---|---|
| fixed length control field | 01062nam a22002537a 4500 |
| 005 - DATE AND TIME OF LATEST TRANSACTION | |
| control field | 20170124103208.0 |
| 010 ## - LIBRARY OF CONGRESS CONTROL NUMBER | |
| LC control number | A-973254 |
| 020 ## - INTERNATIONAL STANDARD BOOK NUMBER | |
| International Standard Book Number | 8170556317 |
| Terms of availability | 275.00 |
| 035 ## - SYSTEM CONTROL NUMBER | |
| System control number | A-973254 |
| 037 ## - SOURCE OF ACQUISITION | |
| Source of stock number/acquisition | Cen Lib/Ret |
| 040 ## - CATALOGING SOURCE | |
| Original cataloging agency | DPL |
| Language of cataloging | HN |
| 082 ## - DEWEY DECIMAL CLASSIFICATION NUMBER | |
| Classification number | 025.1 |
| Item number | शर्माए |
| 100 ## - MAIN ENTRY--PERSONAL NAME | |
| Personal name | शर्मा, एस . के. |
| 9 (RLIN) | 95340 |
| 245 ## - TITLE STATEMENT | |
| Title | पुस्तकालय प्रशासन एवं प्रबंध / |
| Statement of responsibility, etc | के.एस. शर्मा |
| 246 ## - VARYING FORM OF TITLE | |
| Title proper/short title | Pustkalay prashasan evam prabandh |
| Remainder of title | by K.S. Sharma |
| 260 ## - PUBLICATION, DISTRIBUTION, ETC. (IMPRINT) | |
| Place of publication, distribution, etc | नई दिल्ली |
| Name of publisher, distributor, etc | वाणी प्रकाशन |
| Date of publication, distribution, etc | 1999 |
| 270 ## - ADDRESS | |
| Address | 21ए , दरिया गंज |
| City | नई दिल्ली |
| Postal code | 110002 |
| 300 ## - PHYSICAL DESCRIPTION | |
| Extent | 290पृष्ठ. |
| Dimensions | 20सेमी(सजिल्द) |
| 650 ## - SUBJECT ADDED ENTRY--TOPICAL TERM | |
| Topical term or geographic name as entry element | पुस्तकालय विज्ञान |
| 9 (RLIN) | 95341 |
| 650 ## - SUBJECT ADDED ENTRY--TOPICAL TERM | |
| Topical term or geographic name as entry element | पुस्तकालय प्रबंध |
| 9 (RLIN) | 702 |
| 650 ## - SUBJECT ADDED ENTRY--TOPICAL TERM | |
| Topical term or geographic name as entry element | library Science |
| 9 (RLIN) | 95342 |
| 650 ## - SUBJECT ADDED ENTRY--TOPICAL TERM | |
| Topical term or geographic name as entry element | Library management |
| 9 (RLIN) | 95343 |
| 942 ## - ADDED ENTRY ELEMENTS (KOHA) | |
| Source of classification or shelving scheme | Dewey Decimal Classification |
| Koha item type | Hindi Books |
| Classification part | 025.1 |
| Call number suffix | शर्माए |
| Withdrawn status | Lost status | Damaged status | Not for loan | Home library | Current library | Date acquired | Source of acquisition | Cost, normal purchase price | Total Checkouts | Full call number | Barcode | Date last seen | Copy number | Cost, replacement price | Price effective from | Koha item type | Public note |
|---|---|---|---|---|---|---|---|---|---|---|---|---|---|---|---|---|---|
| Written off | Central Library | Central Library | 03/10/2015 | Cen Lib/Ret | 275.00 | 025.1 शर्माए | A-973254 | 03/10/2015 | 1 | 275.00 | 03/10/2015 | Hindi Books | Wid. 2815/18 dtd. 11/07/2022 |
